000
00310nam a2200133Ia 4500
005
20251222142001.0
008
251222s9999||||xx |||||||||||||| ||spa||
020
_a
9972-40-219-3
082
_a
868.949/A52D
100
_a
Amado, Jorge
245
0
_a
Doña Flor y sus Dos Maridos
264
_b
Peisa
942
_c
LIB
999
_c
9995
_d
9995